Analog VLSI and neural systems (Record no. 3567)

000 -LEADER
fixed length control field 00595nam a2200229 a 4500
001 - CONTROL NUMBER
control field 3567
003 - CONTROL NUMBER IDENTIFIER
control field BD-DhUET
008 - FIXED-LENGTH DATA ELEMENTS--GENERAL INFORMATION
fixed length control field 0
020 ## - INTERNATIONAL STANDARD BOOK NUMBER
International Standard Book Number 0201059924
040 ## - CATALOGING SOURCE
Original cataloging agency DLC
Transcribing agency 0
Modifying agency BD-DhUET
050 00 - LIBRARY OF CONGRESS CALL NUMBER
Item number .
082 00 - DEWEY DECIMAL CLASSIFICATION NUMBER
Classification number 623.95
Item number MEA/1989
100 ## - MAIN ENTRY--PERSONAL NAME
Personal name Mead, Carver
245 10 - TITLE STATEMENT
Title Analog VLSI and neural systems
Statement of responsibility, etc. by Carver Mead
250 ## - EDITION STATEMENT
Edition statement 1st ed
260 ## - PUBLICATION, DISTRIBUTION, ETC. (IMPRINT)
Place of publication, distribution, etc. New York
Name of publisher, distributor, etc. Addison-Wesley
Date of publication, distribution, etc. 1989
300 ## - PHYSICAL DESCRIPTION
Extent xxii, 371 p., 8 p. of plates
Other physical details ill. (some col.)
Dimensions 24 cm.
490 1# - SERIES STATEMENT
Series statement Addison-Wesley VLSI systems series
504 ## - BIBLIOGRAPHY, ETC. NOTE
Bibliography, etc Includes bibliographies
650 #0 - SUBJECT ADDED ENTRY--TOPICAL TERM
Topical term or geographic name as entry element Neural computers
942 ## - ADDED ENTRY ELEMENTS (KOHA)
Koha item type General Book
Holdings
Price effective from Koha normalized classification for sorting Koha date last seen Koha item type Copy number Sublocation or collection (holding branch) Shelving location Withdrawn status Piece designation (barcode) Koha issues (times borrowed) Damaged status Date acquired Koha full call number Koha date last borrowed Not for loan Source of classification or shelving scheme Lost status Location (home branch)
2014-11-02623_000000000000000_95MEA19892021-09-27General Book1Central Library, BUETCirculation section 909351 2014-11-02623.95/MEA/19892021-09-27   Central Library, BUET
2014-11-02623_000000000000000_95MEA19892021-09-27General Book2Central Library, BUETCirculation section 909441 2014-11-02623.95/MEA/19892021-09-27   Central Library, BUET
2014-11-02623_000000000000000_95MEA19892021-09-27General Book3Central Library, BUETCirculation section 909341 2014-11-02623.95/MEA/19892021-09-27   Central Library, BUET
2014-11-02623_000000000000000_95MEA19892021-09-27General Book4Central Library, BUETCirculation section 909361 2014-11-02623.95/MEA/19892021-09-27   Central Library, BUET
2014-11-02623_000000000000000_95MEA19892021-09-27General Book5Central Library, BUETCirculation section 909421 2014-11-02623.95/MEA/19892021-09-27   Central Library, BUET
2014-11-02623_000000000000000_95MEA19892014-11-02General Book6Central Library, BUETCirculation section 90945  2014-11-02623.95/MEA/1989    Central Library, BUET
2014-11-02623_000000000000000_95MEA19892025-11-03General Book7Central Library, BUETCirculation section 9094613 2014-11-02623.95/MEA/19892025-10-28   Central Library, BUET
2014-11-09623_000000000000000_95MEA19892021-09-27General Book8Central Library, BUETCirculation section 909431 2014-11-09623.95/MEA/19892021-09-27   Central Library, BUET
2015-06-27623_950000000000000_MEA_19892015-06-27Rental Item9Central Library, BUETReading section 90932  2015-06-27623.95/MEA/1989    Central Library, BUET
2015-06-27623_950000000000000_MEA_19892015-06-27Reading Item10Central Library, BUETReading section 90933  2015-06-27623.95/MEA/1989    Central Library, BUET